000 00564nam a2200205Ii 4500
001 7566
003 CO-ViMGA
008 241108s9999||||xx |||||||||||||| ||und||
040 _aCO-ViMGA
_bspa
_erda
_cCO-ViMGA
041 0 _aunk
084 _aB-T356
100 1 _aTácito
_957109
245 1 0 _aHistorias
264 1 _a[Lugar de publicación no identificado] : Bosch, 1943
300 _avolumen
336 _atext
_btxt
_2rdacontent
337 _aunmediated
_bn
_2rdamedia
338 _avolume
_bnc
_2rdacarrier
940 _aidficha_siabuc: 7391. -- ficha_no_siabuc:7566
999 _c55356
_d55356